00547nam a2200193 a 4500001001300000003000900013005001700022008004100039020002500080082001900105100002200124245005500146260004500201300000900246500003500255505000900290650003200299700002200331nice12345678IN_TiNIC20260116013957.0050524s1980 chia grp 000 0 eng  a0226645 c797.500a915.50404bODO aO`Donnel, Terence aGarden of the Brave in Warb Recollections of Iran aChicagobChicago University Press c1980 a216p aincludes index and biblioraphy2 aMaps aIran-Travel and Description1 aO`Donnel, Terence